Electronic security systems /

Bibliographic Details
Main Author: Walker, Philip (Philip H.)
Format: Book
Language:English
Published: London ; Boston : Butterworths, 1983.
Subjects:

MARC

Tag First Indicator Second Indicator Subfields
LEADER 00000cam a2200000 a 4500
001 in00000525965
005 20151013092336.0
008 830412s1983 enka 00110 eng
010 |a  83003908  
020 |a 0408011602 :  |c 15.00 
035 |a (OCoLC)09465188 
035 |9 ACG0107AM 
039 0 |a 2  |b 3  |c 3  |d 3  |e 3 
040 |a DLC  |c DLC  |d TXA  |d UtOrBLW 
049 |a TXAM  |c [1485990] 
050 0 0 |a TH9737  |b .W34 1983 
082 0 |a 621.389/2  |2 19 
100 1 |a Walker, Philip  |q (Philip H.) 
245 1 0 |a Electronic security systems /  |c Philip Walker. 
264 1 |a London ;  |a Boston :  |b Butterworths,  |c 1983. 
300 |a 268 pages :  |b illustrations ;  |c 24 cm. 
336 |a text  |b txt  |2 rdacontent 
337 |a unmediated  |b n  |2 rdamedia 
338 |a volume  |b nc  |2 rdacarrier 
500 |a Includes index. 
650 0 |a Electronic security systems. 
999 |a MARS 
999 f f |s 587151c3-7ee2-39f1-a280-a850d8119fd0  |i ee1f41ba-0831-36a2-81c8-df0d583597c1  |t 0 
952 f f |p ric  |a Texas A&M University  |b Rellis Campus  |c Joint Library Facility  |d Remote Storage  |t 0  |e TH9737 .W34 1983  |h Library of Congress classification  |i unmediated -- volume  |m A14808068423 
998 f f |a TH9737 .W34 1983  |t 0  |l Remote Storage